Escritos para disentir.
Tallennettuna:
| Päätekijä: | |
|---|---|
| Aineistotyyppi: | Kirja |
| Kieli: | espanja |
| Julkaistu: |
Valparaíso, Chile:
Ediciones Universitarias de Valparaíso,
2011.
|
| Aiheet: | |
| Tagit: |
Lisää tagi
Ei tageja, Lisää ensimmäinen tagi!
|
MARC
| LEADER | 00000cam a2200000 a 4500 | ||
|---|---|---|---|
| 001 | UCG7876 | ||
| 003 | CL-VaPUC | ||
| 005 | 20250401144030.0 | ||
| 008 | 111014e20110000CL |||||||||||||||||spa|d | ||
| 999 | |c 345565 |d 345563 | ||
| 020 | |a 9789561704916 | ||
| 040 | |c Pontificia Universidad Católica de Valparaíso | ||
| 082 | 0 | 4 | |a 320.01 PIZ 2011 |2 21 |
| 100 | |a Pizarro Contador, Crisóstomo |e autor |9 605677 | ||
| 245 | 1 | 0 | |a Escritos para disentir. |
| 260 | |a Valparaíso, Chile: |b Ediciones Universitarias de Valparaíso, |c 2011. | ||
| 300 | |a 177 páginas. | ||
| 583 | |a last modification |c 20111014 14:55:00 |k Rodrigo Vera | ||
| 650 | 0 | |a Filosofía política |9 295215 | |
| 942 | |c BK |2 ddc | ||
| 945 | |d 20111014 00:00:00 |a dcastane | ||
| 952 | |0 0 |1 0 |4 0 |6 320_010000000000000_PIZ_2011 |7 0 |8 A |9 444464 |a BIBCUR |b BIBCUR |d 2019-11-22 |i 4790995 |o 320.01 PIZ 2011 |p 4790995 |r 2025-04-22 |w 2019-11-22 |y BK |k PER | ||
| 952 | |0 0 |1 0 |4 0 |6 320_010000000000000_PIZ_2011 |7 0 |8 A |9 444465 |a BIBHIS |b BIBHIS |d 2019-11-22 |i 4819284 |o 320.01 PIZ 2011 |p 4819284 |r 2025-01-20 |w 2019-11-22 |y BK |k HIS | ||
| 952 | |0 0 |1 0 |3 erb |4 0 |6 320_010000000000000_PIZ_2011 |7 0 |8 A |9 444467 |a BIBEDU |b BIBEDU |i 5260752 |o 320.01 PIZ 2011 |p 5260752 |r 2019-11-22 |w 2019-11-22 |y BK |z Catalogado en:20160107 |k LIT | ||
| 952 | |0 0 |1 0 |3 erb |4 0 |6 320_010000000000000_PIZ_2011 |7 0 |8 A |9 444468 |a BIBEDU |b BIBEDU |i 5260779 |o 320.01 PIZ 2011 |p 5260779 |r 2019-11-22 |w 2019-11-22 |y BK |z Catalogado en:20160107 |k LIT | ||
| 952 | |0 0 |1 0 |3 erb |4 0 |6 320_010000000000000_PIZ_2011 |7 0 |8 A |9 444469 |a BIBEDU |b BIBEDU |i 5260760 |o 320.01 PIZ 2011 |p 5260760 |r 2019-11-22 |w 2019-11-22 |y BK |z Catalogado en:20160107 |k LIT | ||
| 952 | |0 0 |1 0 |2 ddc |4 0 |6 320_010000000000000_PIZ_2011 |7 0 |8 A |9 596905 |a BIBGIM |b BIBGIM |d 2024-09-23 |i 5662808 |o 320.01 PIZ 2011 |p 5662808 |r 2025-01-15 |t 6 |w 2024-09-23 |y BK |k ELE | ||